Govt. of
Madhya Pradesh

Public Administration (Record no. 33079)

MARC details
000 -LEADER
fixed length control field 004540000a22001810004500
003 - CONTROL NUMBER IDENTIFIER
control field MACL
005 - DATE AND TIME OF LATEST TRANSACTION
control field 20160121114623.0
008 - FIXED-LENGTH DATA ELEMENTS--GENERAL INFORMATION
fixed length control field 160121b xxu||||| |||| 00| 0 eng d
040 ## - CATALOGING SOURCE
Original cataloging agency MACL
Transcribing agency macl
041 ## - LANGUAGE CODE
Language code of text/sound track or separate title English
082 ## - DEWEY DECIMAL CLASSIFICATION NUMBER
Classification number 351/PRA
100 ## - MAIN ENTRY--PERSONAL NAME
Personal name Pradhan, Arabinda
9 (RLIN) 33823
245 ## - TITLE STATEMENT
Title Public Administration
260 ## - PUBLICATION, DISTRIBUTION, ETC. (IMPRINT)
Name of publisher, distributor, etc. Spectrum India
Date of publication, distribution, etc. 2002
Place of publication, distribution, etc. New Delhi
350 ## - PRICE (NR) (BK AM CF MU VM SE) [OBSOLETE]
Price 210
650 ## - SUBJECT ADDED ENTRY--TOPICAL TERM
Topical term or geographic name as entry element Public Administration
9 (RLIN) 33824
942 ## - ADDED ENTRY ELEMENTS (KOHA)
Koha item type Books
Call number prefix 351/PRA
Source of classification or shelving scheme
Holdings
Withdrawn status Lost status Source of classification or shelving scheme Damaged status Not for loan Home library Current library Date acquired Cost, normal purchase price Total Checkouts Total Renewals Full call number Barcode Date last seen Date last checked out Uniform Resource Identifier Price effective from Koha item type
          MACL MACL 21/01/2016 210.00 2 1 351/PRA CLC000487 15/06/2017 30/05/2017 33136 15/04/2015 Books